000 00363cam a2200145ua 4500
041 _aeng
_h
082 _a664.033
_bBLA/Di
100 _aMerryweather, L M .
245 0 0 _aDictionary of food science and technology
260 _aOxford :
_bBlackwell Scientific Publications ,
_c2005.
300 _a413 ; .
504 _a
942 _cBK
999 _c13318
_d13318